中国机场代码 China’s Airport Codes #2 - Statistics

General Stats
  • This quiz has been taken 97 times
  • The average score is 6 of 15
Answer Stats
三字码 机场 % Correct
PKX 北京/大兴
95%
KMG 昆明/长水
89%
WUH 武汉/天河
85%
TAO 青岛/胶东
60%
NGB 宁波/栎社
57%
SYX 三亚/凤凰
55%
TYN 太原/武宿
43%
YNT 烟台/蓬莱
41%
HET 呼和浩特/白塔
36%
DQA 大庆/萨尔图
24%
JHG 西双版纳/嘎洒
15%
UYN 榆林/榆阳
11%
SQD 上饶/三清山
11%
FUG 阜阳/西关
11%
ACF 阿拉尔/塔里木
10%
No matching quizzes found
Score Distribution
Percent of People with Each Score
Percentile by Number Answered
Your Score History
You have not taken this quiz